000 00488nam a2200181 a 4500
005 20140412111317.0
008 001118s19uu xx 00 eng d
020 _a0-394-80016-8
050 _aER
_bGr75 1960
100 _aSeuss, Dr.
245 _aGreen eggs and ham /
_cby Dr. Seuss.
260 _aNew York :
_bRandom House,
_c1960.
300 _a1 v. (unp.) ; ill.
440 _aBeginner Books, bk.16
650 _aNon sense verses
650 _aStories in rhyme
999 _c104273
_d104273